00663nam a2200205 45000050016000000080041000160100014000570200026000710350013000970370015001100400018001250820008001431000017001511100040001682450073002082600032002812700079003133000030003925000035004222009081007067.0710915s1962 ohua 000 0 eng  aENG-94696 a9788189975555c250.00 aEN-78229 bDBAD / PUB adplbEnglish  a510 aVakil, Ravi  aCleveland Institute of Electronics. aA mathematical mosaic:cby Ravi Vakil bpatterns & problem solving / aNew Delhi cWestland b2009 aF-5, Okhla Industrial Area, Phase-I, Mezzanine Floor, bNew Delhi e110020 a286p.:c24cm(pbk) bill.  aIncludes references and index